000 00709nam a2200253Ia 4500
003 OSt
005 20220918165836.0
006 a|||||r|||| 00| 0
007 ta
008 220917b |||||||| |||| 00| 0 eng d
020 _a8174871780 (hbk)
024 _a172,765
037 _cTextual
040 _aARTS
_cARTS
_beng
041 _2eng
_aeng
082 _aV2:51xM69, P0 (SC)
100 _aGanguli B. N.
_925759
245 0 _aGandhi's social philosophy
_b perspective and relevance
260 _aNew Delhi
_bNational Gandhi Museum
_c2000
300 _axiv, 453p.
_ccm.
650 _aHISTORY
942 _hV2:51xM69, P0 (SC)
_cTEXL
_2CC
999 _c131350
_d131350